000 00850nas a2200229 454500
001 37181
005 20260407193509.0
008 260407s1998####ag###########|||spa#d
003 AR-UNSa-BCEJYS
040 _aAR-UNSa-BCEJYS
_bspa
_cAR-UNSa-BCEJYS
080 _a34
_xDerecho
245 1 0 _aY considerando...
_ppublicación de la Asociación de Magistrados y Funcionarios de la Justicia Nacional
264 1 _aBuenos Aires :
_bAsociación de Magistrados y Funcionarios de la Justicia Nacional
_c1998
310 _aFrecuencia: Irregular
041 _aspa
942 _cSER
590 _aniveau_biblio:s niveau_hierar:1
100 1 _aAsociación de Magistrados y Funcionarios de la Justicia Nacional
650 _aDerecho
650 _aPODER JUDICIAL
856 4 1 _uhttps://170.210.207.44/pmb/images/revistas/considerando.jpg
_yImagen de portada
_qimage/jpeg
999 _c8808
_d8808